000 00332nam a2200121Ia 4500
008 240624s9999 xx 000 0 und d
041 _aeng
082 _a338.927 MOR
100 _aMORRIS JULIAN
245 _aSUSTAINABLE DEVELOPMENT PROMOTING PROGRE
260 _c2002
_aLondon
_bProfile Books Ltd.
300 _aix, : 370 : p. : cm. ; 25
999 _c3476
_d3476